| 000 | 00586nam a22001937a 4500 | ||
|---|---|---|---|
| 999 |
_c16724 _d16724 |
||
| 003 | OSt | ||
| 005 | 20180320103657.0 | ||
| 008 | 180320b xxu||||| |||| 00| 0 eng d | ||
| 020 | _a9788123918631 | ||
| 040 | _cKABU | ||
| 050 |
_aQM 32 _b.H86 2010 V.1 C.1 |
||
| 100 | _aChaurasia's B. D. | ||
| 245 |
_aHuman Anatomy _bRegional and applied dissection and clinical _cB .D. Chsurasia's |
||
| 250 | _a5th ed. | ||
| 260 |
_aNew Delhi _bCBS Publishers and Distributors pvt ltd _c2010 |
||
| 300 | _axv, 296p. | ||
| 650 | _aHuman Anatomy -examinations, questions etc | ||
| 942 |
_2lcc _cBK |
||